The American flag / (Record no. 1887)

MARC details
000 -LEADER
fixed length control field 01308cam a2200349 a 4500
001 - CONTROL NUMBER
control field 1887
003 - CONTROL NUMBER IDENTIFIER
control field FISKH
005 - DATE AND TIME OF LATEST TRANSACTION
control field 20250828104339.0
008 - FIXED-LENGTH DATA ELEMENTS--GENERAL INFORMATION
fixed length control field 021205s2003 nyua b b 001 0 eng
010 ## - LIBRARY OF CONGRESS CONTROL NUMBER
LC control number 2002154959
020 ## - INTERNATIONAL STANDARD BOOK NUMBER
International Standard Book Number 9780516244846
020 ## - INTERNATIONAL STANDARD BOOK NUMBER
International Standard Book Number 0516278738 (pbk.)
040 ## - CATALOGING SOURCE
Original cataloging agency DLC
Transcribing agency DLC
Modifying agency DLC
Language of cataloging eng
043 ## - GEOGRAPHIC AREA CODE
Geographic area code n-us---
050 00 - LIBRARY OF CONGRESS CALL NUMBER
Classification number CR113
Item number .D68 2003
082 00 - DEWEY DECIMAL CLASSIFICATION NUMBER
Classification number 929.9/2/0973
Edition number 21
100 1# - MAIN ENTRY--PERSONAL NAME
Personal name Douglas, Lloyd G.
245 14 - TITLE STATEMENT
Title The American flag /
Statement of responsibility, etc. by Lloyd G. Douglas.
260 ## - PUBLICATION, DISTRIBUTION, ETC.
Place of publication, distribution, etc. New York :
Name of publisher, distributor, etc. Scholastic,
Date of publication, distribution, etc. 2003.
300 ## - PHYSICAL DESCRIPTION
Extent 24 pages :
Other physical details color illustrations ;
Dimensions 16 x 18 cm.
490 1# - SERIES STATEMENT
Series statement American symbols
505 0# - FORMATTED CONTENTS NOTE
Formatted contents note K<br/>
520 ## - SUMMARY, ETC.
Summary, etc. Emergent readers will discover the history and heritage of American symbos, such as the U.S. flag and the bald eagle, in this patriotic series. The text introduces American symbols and explains why they represent America.
521 8# - TARGET AUDIENCE NOTE
Target audience note 520<br/>
Source Lexile <br/>
521 8# - TARGET AUDIENCE NOTE
Target audience note K<br/>
Source Raz-Plus<br/>
650 #0 - SUBJECT ADDED ENTRY--TOPICAL TERM
Topical term or geographic name entry element Flags
Geographic subdivision United States
Form subdivision Juvenile literature.
650 #1 - SUBJECT ADDED ENTRY--TOPICAL TERM
Topical term or geographic name entry element Flags
Geographic subdivision United States.
800 1# - SERIES ADDED ENTRY--PERSONAL NAME
Personal name Douglas, Lloyd G.
Title of a work American symbols.
906 ## - LOCAL DATA ELEMENT F, LDF (RLIN)
a 7
b cbc
c orignew
d 1
e ecip
f 20
g y-gencatlg
942 ## - ADDED ENTRY ELEMENTS (KOHA)
Source of classification or shelving scheme Dewey Decimal Classification
Koha item type Books
Suppress in OPAC No
Holdings
Withdrawn status Lost status Source of classification or shelving scheme Damaged status Not for loan Collection Home library Current library Shelving location Date acquired Total Checkouts Full call number Barcode Date last seen Copy number Price effective from Koha item type
    Dewey Decimal Classification     Non-Fiction Footprints International School Library Network Toul Kork Campus Footprints International School Library Network Toul Kork Campus TK Primary Library Room(4th Floor), Bookcase 3&4, Shelves 17-32, Yellow Books 10/09/2023   DOU 929.920973 CR113.D68 FISTK01747 10/09/2023 1 10/09/2023 Books
    Dewey Decimal Classification     Non-Fiction Footprints International School Library Network Toul Kork Campus Footprints International School Library Network Toul Kork Campus TK Primary Library Room(4th Floor), Bookcase 3&4, Shelves 17-32, Yellow Books 05/02/2025   DOU 929.920973 CR113.D68 FISBK02163 03/20/2026 2 05/02/2025 Books
    Dewey Decimal Classification     Non-Fiction Footprints International School Library Network Toul Tom Poung Campus Footprints International School Library Network Toul Tom Poung Campus TTP Primary Yellow Bookshelves 08/28/2025   DOU 929.920973 CR113.D68 FISBK02164 08/28/2025 3 08/28/2025 Books